ბათუმის შოთა რუსთაველის სახელმწიფო უნივერსიტეტის ბიბლიოთეკა

Вопросы Культурологии, №5. 2018 (ბიბ.ჩანაწერი № 55648)

000 -LEADER
fixed length control field 00486nam a2200157Ia 4500
001 - CONTROL NUMBER
control field 22743
003 - CONTROL NUMBER IDENTIFIER
control field GE_BSU
008 - FIXED-LENGTH DATA ELEMENTS--GENERAL INFORMATION
fixed length control field 181216s||||||||xx |||||||||||||| ||und||
040 ## - CATALOGING SOURCE
Transcribing agency GE_BSU
245 ## - TITLE STATEMENT
Title Вопросы Культурологии, №5. 2018
245 ## - TITLE STATEMENT
Statement of responsibility, etc. Гл. ред. Агошков Андрей Валерьевич
653 ## - INDEX TERM--UNCONTROLLED
Uncontrolled term Вопросы Культурологии. №5. 2018
653 ## - INDEX TERM--UNCONTROLLED
Uncontrolled term Периодика
653 ## - INDEX TERM--UNCONTROLLED
Uncontrolled term პერიოდიკა
942 ## - ADDED ENTRY ELEMENTS (KOHA)
Koha item type პერიოდიკა

არაა ხელმისაწვდომი ეგზემპლარები.